MARC Record
Leader
003
BE-GnUNI
007
't'u
035
a| (MSK)314001832
084
a| II.B.604
245
0
4
a| Het Leger :
b| De natie = L'armée : La Nation.
260
a| Brussel :
b| Ministerie van Landsverdediging - Directie Voorlichting en Documentatie,
c| 1946-?
546
a| Nederlands
546
a| Frans
500
a| Tijdschriften
852
4
b| MSK
c| MSK
j| II.B.604
920
a| tijdschrift
001
000045909
005
20241224121707.0